The Life of Genghis Khan - Statistics

General Stats
  • This quiz has been taken 162 times
    109 since last reset
  • The average score is 6 of 12
Answer Stats
Hint Answer % Correct
Empire which he ruled Mongol Empire
98%
This grandson of his was visited by Marco Polo Kublai Khan
69%
Genghis Khan's original first name Temujin
69%
Century during which he died 13th Century
67%
He re-established this trade route Silk Road
67%
The above was unable to conquer this archipelagic country Japan
61%
Another one of his successors burned down this city, ending the Islamic Golden Age Baghdad
45%
His wife's name Borte
34%
He invaded this loose federation of Slavs Kievan Rus
25%
Genghis Khan's religion Tengrism
25%
This man was his sucessor Ogedei Khan
23%
He invaded China during this dynasty's rule Western Xia
10%
No matching quizzes found
Score Distribution
Percent of People with Each Score
Percentile by Number Answered
Your Score History
You have not taken this quiz since the last reset